30 tubes Eurodance (Années 90) (click) - Statistiques

Statistiques générales
  • Ce quiz a été pris 43 fois
  • Le résultat moyen est 10 sur 30
Statistiques - réponses
Hint Réponse % Correct
Blue (Da ba dee) Eiffel 65
86%
Freed from desire Gala
84%
No limit 2 Unlimited
76%
The rhythm of the night Corona
73%
What is love Haddaway
70%
Sing hallelujah! Dr. Alban
59%
Be my lover La Bouche
59%
Boom boom boom boom Vengaboys
57%
Mr.Vain Culture Beat
51%
Rhythm is a dancer Snap!
43%
Please don't go Double You
27%
Think about the way Ice MC
27%
Misery Indra
27%
Eins, zwei, Polizei Mo-Do
27%
Encore une fois Sash!
24%
U got 2 let the music Cappella
16%
Because the night Co.Ro
16%
Never alone 2 Brothers on the 4th Floor
14%
More and more Captain Hollywood Project
14%
Le the dream come true DJ Bobo
14%
Omen III Magic Affair
14%
Feel the heat of the night Masterboy
14%
Everybody's free (To feel good) Rozalla
14%
Point of no return Centory
11%
Never gonna loose your love Egma
11%
Electronic pleasure N-Trance
11%
Ride like the wind East Side Beat
8%
This is the way E-Type
8%
Get-a-way Maxx
8%
The music's got me Bass Bumpers
5%
Aucun quiz correspondant
Distribution des résultats
% des personnes avec chaque résultat
Percentile par nombre de réponses
Votre historique - résultats
Vous n’avez pas pris ce quiz